| 000 | 00823cam a2200241 i 4500 | ||
|---|---|---|---|
| 001 | 18230195 | ||
| 005 | 20250224105846.0 | ||
| 008 | 140717s2016 maua b 001 0 eng | ||
| 010 | _a 2014946237 | ||
| 020 | _a9781305251809 (hbk) | ||
| 020 | _a1305251806 (hbk) | ||
| 040 |
_aDLC _cDLC |
||
| 050 | 0 | 0 |
_aQA273 _b.D46 2016 |
| 082 | 0 | 0 |
_a519.2 _223 |
| 100 | 1 |
_aDevore, Jay L. _95371 |
|
| 245 | 1 | 0 |
_aProbability and statistics for engineering and the sciences / _cJay Devore, California Polytechnic State University, San Luis Obispo. |
| 250 | _aNinth edition. | ||
| 260 | 1 |
_aBoston, MA : _bCengage Learning, _c[2016] |
|
| 300 |
_axvi, 715, 47, 4, 8 pages : _billustrations ; _c26 cm |
||
| 504 | _aIncludes bibliographical references and index. | ||
| 650 | 0 |
_aProbabilities. _91388 |
|
| 650 | 0 |
_aMathematical statistics. _91389 |
|
| 999 |
_c699 _d699 |
||